| 000 | 00453nam a22001697a 4500 | ||
|---|---|---|---|
| 008 | 150609b xxu||||| |||| 00| 0 eng d | ||
| 041 | _aeng | ||
| 080 | _a355.426 | ||
| 100 |
_aNevin, David, _d1927-2011. |
||
| 245 | _aThe Texans: | ||
| 260 |
_aNew York, _bW. Morrow, _c1968. |
||
| 300 |
_a241 f. ; _bme il. ; _c22 cm. ; |
||
| 500 | _aIndex: f. 238-240 | ||
| 650 | 0 | _aThe Texans | |
| 650 | 0 | _aLuftërat civile | |
| 942 |
_2udc _cBK |
||
| 999 |
_c1009 _d1009 |
||